000 01031nas a2200301 4500
001 BR2011002421
003 BR-BrBNA
005 20231205115315.0
007 ta
008 230509b bl.|||p| |||| 00| 00por d
040 _aBR-BrBNA
_bpor
_cBiblioteca Nacional de Agricultura
041 _a(Pt)
072 _aP40; F40
100 1 _aBrant, R.S.
100 1 _aPinto, J.E.B.P.
100 1 _aBertolucci, S.K.V.
100 1 _aAlbuquerque, C.J.B.
245 1 _aTeor do óleo essencial de cidrão [Aloysia triphylla (L'Hér.)Britton]em função da variação sazonal
650 _aPLANTA MEDICINAL
650 _aÓLEO ESSENCIAL
650 _aCLIMA
650 _aALOYSIA TRIPHYLLA
650 _aCIDRÃO
773 0 _tRevista Brasileira de Plantas Medicinais (Brazil)
_xISSN 1516-0572
_g(May 2008), v. 10(2) p. 83-88
_wBR2011002421
856 4 _uhttp://www.ibb.unesp.br/servicos/publicacoes/rbpm/pdf_v10_n2_2008/artigo13.pdf
_yRecurso eletrônico (PDF)
909 _a202311
_bLúcia
_c55
_dLúcia Elande
942 _2AGRIS
_n0
_cANA
999 _c213130
_d213130